00335pab a2200121 454500008004000000100002300040245008200063260000900145300001400154362001100168650001400179773002000193180718b2010 xxu||||| |||| 00| 0 eng d aSingh, Surendra P. aEffective strategies for educating pre-college hispanics and native Americans c2010 ap.5-8,23. a11 Oct aEducation aUniversity News